000 00637nam a2200277Ia 4500
005 20260324134751.0
008 008 260324s9999 xx 000 0 eng d
020 _a9780203613542
037 _aEBOOK
040 _aCRL
040 _beng
040 _cCRL
041 _2eng
041 _aeng
084 _qCRL
100 _aThomas S. Dickinson
_91198074
245 0 _aReinventing the Middle School
260 _bTaylor and Francis
260 _c2001
365 _a
365 _b280
856 _uhttp://www.taylorfrancis.com/books/9780203613542
942 _cEBOOK
999 _c1798485
_d1798485